|
|
|
|
| LEADER |
00870nam a2200205 a 4500 |
| 001 |
GR-MES476 |
| 008 |
991111s1983 enk 000 b eng d |
| 020 |
|
|
|a 0121995022
|
| 040 |
|
|
|a GrPaTEI
|b gre
|c GR-PaULI
|
| 245 |
0 |
0 |
|a Ecological aspects of used-water treatment
|n 2oς .
|p Biological activities and treatment processes.
|
| 260 |
|
|
|a London :
|b Academic press,
|c 1983
|
| 300 |
|
|
|a x, 308σελ. :
|b εικ.,πιν.
|
| 500 |
|
|
|a Περιλαμβάνει βιβλιογραφικές αναφορές
|
| 650 |
|
4 |
|a Μόλυνση νερού
|
| 700 |
1 |
|
|a Curds, C. R.
|
| 700 |
1 |
|
|a Hawkes, H. A.
|
| 942 |
|
|
|2 ddc
|
| 952 |
|
|
|0 0
|1 0
|2 ddc
|4 0
|6 628_162000000000000_CUR
|7 0
|9 263712
|a MSLG
|b MSLG
|c BSC
|d 2021-01-17
|e 24
|f 0
|g 0.00
|l 0
|o 628.162 CUR
|p 2420000004762
|r 2021-01-17 00:00:00
|t 1
|w 2021-01-17
|y BK15
|x 19991111 0 1
|x GrPaTEI
|
| 971 |
|
|
|a .b25715173
|b 15-04-20
|c 13-09-16
|
| 999 |
|
|
|c 151837
|d 151837
|